Problematika vlastnických vztahů v alokačních procesech.
V trhovej ekonomike dochádza k diskrepancii medzi záujmami manažérov a záujmami investorov (vlastníkov disponibilného kapitálu). Diskrepancia jestvuje pri odhade rizika z portfólia a averzie k nemu. Jej odstránenie je možné len na základe hlbšej motivácie manažérov a to formou vytvorenia vlastníckeh...
Saved in:
| Main Author: | |
|---|---|
| Format: | Book Chapter |
| Language: | Czech |
| Subjects: | |
| Tags: |
No Tags, Be the first to tag this record!
|
MARC
| LEADER | 00000naa a2200000 4500 | ||
|---|---|---|---|
| 001 | r004374 | ||
| 005 | 20221125080943.0 | ||
| 041 | 0 | |a cze | |
| 044 | |a [CS] | ||
| 245 | 1 | 0 | |a Problematika vlastnických vztahů v alokačních procesech. |c J. Bureš |
| 520 | |a V trhovej ekonomike dochádza k diskrepancii medzi záujmami manažérov a záujmami investorov (vlastníkov disponibilného kapitálu). Diskrepancia jestvuje pri odhade rizika z portfólia a averzie k nemu. Jej odstránenie je možné len na základe hlbšej motivácie manažérov a to formou vytvorenia vlastníckeho vzťahu, participácie na kapitáli, zisku a rozhodovaní, kedy sa pracovníci stávajú súčasne investormi i manažérmi. Skúmanie toho, či kupónová privatizácia v ČSFR vyrieši uvedený problém. | ||
| 610 | 2 | 0 | |a vlastníctvo |
| 610 | 2 | 0 | |a pracovníci riadiaci |
| 610 | 2 | 0 | |a investori |
| 610 | 2 | 0 | |a motivácia |
| 610 | 2 | 0 | |a účasť na zisku |
| 610 | 2 | 0 | |a privatizácia |
| 610 | 2 | 0 | |a záujmy ekonomické |
| 610 | 2 | 0 | |a ČSFR |
| 100 | 1 | |a Bureš, J. | |